ARRUPE JESUIT UNIVERSITY

CORONAVIRUS -STOP THE SPREAD - CLEAN,DISINFECT,COVER

The roots of rural poverty in central and southern Africa (Record no. 13399)

MARC details
000 -LEADER
fixed length control field 00576nam a2200193Ia 4500
003 - CONTROL NUMBER IDENTIFIER
control field 0100
005 - DATE AND TIME OF LATEST TRANSACTION
control field 20190722110941.0
008 - FIXED-LENGTH DATA ELEMENTS--GENERAL INFORMATION
fixed length control field 130303s9999 xx 000 0 und d
020 ## - INTERNATIONAL STANDARD BOOK NUMBER
International Standard Book Number 520033183
040 ## - CATALOGING SOURCE
Transcribing agency ARRUPELIB
050 ## - LIBRARY OF CONGRESS CALL NUMBER
Classification number HN773.R66 1977B
300 ## - PHYSICAL DESCRIPTION
Other physical details 430 p. ill. 23 cm
245 #4 - TITLE STATEMENT
Title The roots of rural poverty in central and southern Africa
260 ## - PUBLICATION, DISTRIBUTION, ETC. (IMPRINT)
Place of publication, distribution, etc Berkeley
Name of publisher, distributor, etc University of California Press
Date of publication, distribution, etc 1977
300 ## - PHYSICAL DESCRIPTION
Extent xviii
440 ## - SERIES STATEMENT/ADDED ENTRY--TITLE
Title Perspectives on Southern Africa , 25
9 (RLIN) 47376
650 ## - SUBJECT ADDED ENTRY--TOPICAL TERM
Topical term or geographic name as entry element Agriculture
General subdivision Economic aspects
Geographic subdivision Africa, Southern
9 (RLIN) 46410
650 ## - SUBJECT ADDED ENTRY--TOPICAL TERM
Topical term or geographic name as entry element Africa, Central
General subdivision Rural conditions
9 (RLIN) 47377
650 ## - SUBJECT ADDED ENTRY--TOPICAL TERM
Topical term or geographic name as entry element Africa, Southern
General subdivision Rural conditions
9 (RLIN) 47378
700 ## - ADDED ENTRY--PERSONAL NAME
Personal name edited by Robin Palmer, Neil Parsons , Palmer, Robin H.Parsons, Neil
9 (RLIN) 47379
942 ## - ADDED ENTRY ELEMENTS (KOHA)
Source of classification or shelving scheme Library of Congress Classification
Koha item type Monograph ( Printed materials)
Holdings
Withdrawn status Lost status Source of classification or shelving scheme Damaged status Not for loan Collection code Home library Current library Shelving location Date acquired Total Checkouts Full call number Barcode Date last seen Date checked out Copy number Price effective from Koha item type
    Library of Congress Classification     Main Collection ARRUPE LIBRARY ARRUPE LIBRARY Main Collection 04/03/2013 6 HN773.R66 1977B 46003047071 12/10/2018 26/09/2018 1 04/03/2013 Monograph ( Printed materials)
    Library of Congress Classification     Main Collection ARRUPE LIBRARY ARRUPE LIBRARY Main Collection 24/05/2022   HN773.R66 1977B 46700000006 24/05/2022     24/05/2022 Monograph ( Printed materials)

 

Arrupe Library. PO Box MP320 Mt Pleasant, Harare, Zimbabwe
263 242 745411|librarian@aju.ac.zw